[Event "Paris GCT 2018-Blitz"]
[Site "Paris"]
[Date "2018.06.24"]
[Round "15"]
[White "Aronian, Levon"]
[Black "Nakamura, Hikaru"]
[Result "1/2-1/2"]
[WhiteElo "2764"]
[BlackElo "2769"]
[Annotator "TA"]
[PlyCount "44"]
[EventDate "2018.06.23"]
[EventType "tourn"]
[EventCountry "FRA"]
[SourceTitle "playchess.com"]
[Source "ChessBase"]
[SourceQuality "1"]

{[%evp 14,44,15,2,37,33,36,30,29,26,26,7,38,34,43,0,26,25,58,54,52,52,50,-5,-5,-5,-6,-6,-6,-5,0,-3,0]} 1. e4 c5 2. Nf3 d6 3. Be2 Nf6 4. c3 g6 5. O-O Bg7 6. Bb5+ Bd7 7. Bxd7+ Nbxd7 8. Re1 {LiveBook: 72 Games. B50: Sicilian: 2...d6, Miscellaneous} c4 (8... O-O 9. d4 Rc8 10. e5 dxe5 11. dxe5 Ng4 12. e6 Nde5 13. Nxe5 Nxe5 14. Qb3 Qc7 15. Nd2 c4 16. Qc2 f5 17. b3 cxb3 18. Qxb3 {0-1 (34) Akopian,V (2675)-Bok,B (2598) Doha 2016}) 9. Na3 Rc8 10. b3 {White is slightly better.} cxb3 11. axb3 O-O 12. Nb1 $146 ({Predecessor:} 12. Bb2 Nc5 13. d3 a6 14. b4 Ncd7 15. c4 {½-½ (15) Shabanov,Y (2427)-Dvoirys,S (2551) Moscow 2006}) 12... Qb6 13. d4 e5 14. Bb2 d5 15. exd5 exd4 16. c4 Nc5 17. Bxd4 {Hoping for Nbd2.} Qxb3 18. Bxc5 (18. Bxf6 $14 Bxf6 19. Qxb3 (19. Rxa7 Qxc4 20. Na3 Qd3 $11) 19... Nxb3 20. Rxa7) 18... Qxd1 $11 {The position is equal.} 19. Rxd1 Rxc5 20. Rxa7 Rxc4 21. Rxb7 Nxd5 22. g3 Rc7 {Precision: White = 58%, Black = 47%.} 1/2-1/2

[Event "Paris GCT 2018-Blitz"]
[Site "Paris"]
[Date "2018.06.24"]
[Round "15"]
[White "Anand, Viswanathan"]
[Black "Karjakin, Sergey"]
[Result "1-0"]
[WhiteElo "2759"]
[BlackElo "2782"]
[Annotator "TA"]
[PlyCount "61"]
[EventDate "2018.06.23"]
[EventType "tourn"]
[EventCountry "FRA"]
[SourceTitle "playchess.com"]
[Source "ChessBase"]
[SourceQuality "1"]

{[%evp 23,61,18,16,0,0,0,0,0,0,0,39,0,9,0,63,63,98,100,97,91,160,59,96,98,664,653,687,680,793,778,935,756,933,918,1237,1195,1437,1314,1437,1276]} 1. e4 e5 2. Nf3 Nc6 3. Bb5 {[%cal Bf1b5,Bb5a4,Ba4b3,Bb3a2][%mdl 32]} a6 4. Ba4 Nf6 5. O-O Be7 6. d3 b5 7. Bb3 d6 8. a3 O-O 9. Nc3 Na5 {C77: Ruy Lopez: 3...a6 4 Ba4 Nf6, unusual lines} 10. Ba2 Be6 11. b4 Nc6 (11... Bxa2 12. Rxa2 Nc6 13. Bg5 Ng4 14. Bd2 Nf6 15. Bg5 Ng4 16. Bd2 Nf6 17. Bg5 {½-½ (17) Vachier Lagrave,M (2789)-Carlsen,M (2843) Stavanger 2018}) 12. Nd5 Nd4 {LiveBook: 3 Games} 13. Nxf6+ (13. Nxe7+ {with more complications.} Qxe7 14. Nxd4 exd4 15. Bb2 Bxa2 16. Rxa2 c5 17. c3) 13... Bxf6 14. Nxd4 exd4 15. Bxe6 fxe6 {[#]} 16. Bd2 $146 ({Predecessor:} 16. a4 Qd7 17. Bd2 {½-½ (43) Andreikin,D (2737)-Anton Guijarro,D (2650) Tallinn 2016}) 16... e5 17. f4 exf4 18. Bxf4 a5 ({Black should play} 18... Qe7 $11) 19. Qh5 $14 c6 {[#]} 20. a4 $1 {[%cal Ra4b5]} axb4 21. axb5 Be7 (21... Rxa1 $142 22. Rxa1 Be7) 22. Bg3 ({White should try} 22. Rxa8 $16 Qxa8 23. b6) 22... Rxa1 23. Rxa1 Qb6 $2 {[%mdl 8192]} (23... cxb5 $16 24. Qxb5 Qc7) 24. Qg4 {White is clearly winning.} Kh8 25. Qd7 Bg5 26. Qxd6 {[%cal Rd6f8] [#]} Rc8 27. bxc6 h6 28. c7 Qb7 29. h4 Be3+ 30. Kh2 Rg8 31. Qa6 {Precision: White = 51%, Black = 20%.} 1-0

[Event "Paris GCT 2018-Blitz"]
[Site "Paris"]
[Date "2018.06.24"]
[Round "16"]
[White "Mamedyarov, Shakhriyar"]
[Black "Aronian, Levon"]
[Result "0-1"]
[WhiteElo "2808"]
[BlackElo "2764"]
[Annotator "TA"]
[PlyCount "64"]
[EventDate "2018.06.23"]
[EventType "tourn"]
[EventCountry "FRA"]
[SourceTitle "playchess.com"]
[Source "ChessBase"]
[SourceQuality "1"]

{[%evp 14,64,29,30,28,16,51,20,28,0,13,-11,0,-15,-9,-17,-8,-10,-16,-38,-12,-12,-8,-16,-17,-24,-25,-22,-9,-20,-31,-272,-283,-503,-504,-477,-484,-483,-483,-444,-468,-597,-578,-599,-584,-583,-561,-713,-714,-639,-475,-29985,-29987]} 1. d4 d5 2. c4 c6 3. cxd5 cxd5 4. Bg5 (4. Bf4 Nf6 5. Nc3 Nc6 6. Nf3 a6 7. Rc1 Bf5 8. e3 Rc8 9. Be2 e6 10. O-O Nd7 11. Na4 Be7 12. h3 O-O 13. a3 Na5 14. Nc5 Nc4 15. b4 Nxc5 16. dxc5 Nxa3 {1-0 (44) So,W (2778)-Carlsen,M (2843) Stavanger 2018}) 4... Nf6 5. Bxf6 gxf6 6. Nc3 {D10: Slav Defence: 3 cxd5 (without early Nf3) and 3 Nc3} e6 7. e3 Nd7 8. Bd3 {LiveBook: 3 Games. White has an edge.} f5 9. h3 $146 ({Predecessor:} 9. Nge2 a6 10. Nf4 Bd6 11. Qf3 Nf6 12. g3 Bd7 {0-1 (38) Iturbide Arnedo,O (2113)-Lalith,B (2529) Leiden 2012}) 9... h5 10. h4 Nf6 11. Nge2 Bd6 12. Qb3 a6 13. Rc1 b5 {[%cal Bb7b5,Bb5b4][%mdl 32]} 14. a4 b4 15. Nb1 Bd7 16. Qd1 Qa5 17. b3 Ne4 18. Kf1 Ke7 19. f3 Nf6 {[%cal Be4f6,Bf6d5,Bd5e3][%mdl 32]} 20. Kf2 Qb6 21. Nd2 {[#]} f4 $1 $36 {[%mdl 2560] Black is more active.} 22. e4 $2 {[#]} ({White should play} 22. Nf1 $15) (22. Nxf4 Bxf4) 22... Be5 $1 $19 {[%cal Bd6e5,Be5d4,Bd4e3][%mdl 32]} 23. exd5 $2 (23. Kf1 Bxd4 24. Nxf4) 23... Bxd4+ 24. Kf1 Nxd5 25. Nc4 Ne3+ 26. Nxe3 Bxe3 ({Not} 26... fxe3 27. Be4 $11) 27. Rc4 Rac8 28. g3 Rxc4 29. Bxc4 Bc6 30. Nxf4 Bxf4 31. gxf4 Qe3 32. Rh3 (32. Qe2 $19 Qxf4 33. Qf2) 32... Rg8 {Precision: White = 29%, Black = 68%.} 0-1

[Event "Paris GCT 2018-Blitz"]
[Site "Paris"]
[Date "2018.06.24"]
[Round "16"]
[White "Kramnik, Vladimir"]
[Black "Caruana, Fabiano"]
[Result "0-1"]
[WhiteElo "2787"]
[BlackElo "2816"]
[Annotator "TA"]
[PlyCount "92"]
[EventDate "2018.06.23"]
[EventType "tourn"]
[EventCountry "FRA"]
[SourceTitle "playchess.com"]
[Source "ChessBase"]
[SourceQuality "1"]

{[%evp 12,92,17,18,22,20,30,20,30,31,43,43,43,43,58,28,41,41,42,12,27,-6,37,0,28,33,38,36,48,38,47,37,52,31,33,25,43,9,57,28,23,22,27,29,32,25,42,25,23,6,8,-8,-20,-17,-30,-41,10,-32,-31,-29,0,-4,-9,-130,-65,-89,-102,-137,-141,-223,-213,-252,-215,-285,-285,-408,-345,-1503,-1437,-29978,-29979,-29963,-12778]} 1. d4 Nf6 2. Nf3 d5 3. e3 c5 4. c3 cxd4 5. exd4 Nc6 6. Ne5 {B13: Caro-Kann: Exchange Variation and Panov-Botvinnik Attack} (6. Bf4 Bf5 7. Qb3 Qc8 8. Nbd2 e6 9. Nh4 Bg4 10. h3 Bh5 11. Bd3 Be7 12. O-O a6 13. Rae1 Nd7 14. Ndf3 b5 {1-0 (32) Nisipeanu,L (2672)-Laznicka,V (2654) Germany 2018}) 6... a6 7. Bd3 {LiveBook: 5 Games} g6 8. O-O {The position is equal.} Bg7 {Black wants to play ...Nxe5.} 9. Re1 O-O 10. Nd2 {[%cal Bb1d2,Bd2f3,Bf3d4][%mdl 32]} Nxe5 11. dxe5 Nd7 12. Nf3 Nc5 13. Nd4 $146 ({Predecessor:} 13. Bc2 Bg4 14. Qd4 Bxf3 15. Qxc5 Bg4 16. Bb3 Be6 17. Bg5 {0-1 (60) Fegan,C (2128)-Schulz,M (2243) Mallorca 2004}) 13... Bg4 14. f3 Bd7 15. Bg5 Re8 16. Bh4 b5 17. Kh1 Rc8 18. Bf1 Qb6 19. Qd2 a5 20. a3 Qb7 21. Rad1 Ne6 22. Nxe6 (22. Nc2 {feels hotter.} Qb8 23. f4 Bh6 24. g3 Nc5 25. Ne3) 22... Bxe6 23. Bf2 Rb8 24. b4 Ra8 25. Bc5 axb4 26. Bxb4 Rab8 27. Qd4 Red8 28. Qh4 Rd7 29. Rd4 Qc7 30. Qg3 Bf5 {[%cal Be6f5,Bf5c2,Bc2b3][%mdl 32]} 31. Re3 Bc2 32. Qe1 e6 33. h4 Bf8 (33... h5 $15) 34. Qf2 Bb3 35. h5 Bc5 36. Bxc5 Qxc5 37. Qh4 (37. hxg6 $11 {remains equal.} fxg6 38. Rb4) 37... Qxa3 ({Better is} 37... Bc4 $17 38. Bxc4 bxc4 39. hxg6 fxg6) 38. hxg6 fxg6 39. Kh2 Qc1 $36 {[%mdl 2048] Black has strong initiative.} 40. Re1 (40. Qe1 $17 Qxe1 41. Rxe1) 40... Qxc3 $19 41. Rd3 Qc2 42. Qf6 Re8 43. Ra1 (43. Qg5 {only move.}) 43... Bc4 44. Ra6 $2 {[#]} (44. Rda3 Rf7 45. Qh4) 44... Rf7 45. Rxe6 Rxf6 46. Rxe8+ Rf8 {Precision: White = 35%, Black = 37%.} 0-1

[Event "Paris GCT 2018-Blitz"]
[Site "Paris"]
[Date "2018.06.24"]
[Round "16"]
[White "Karjakin, Sergey"]
[Black "Vachier-Lagrave, Maxime"]
[Result "0-1"]
[WhiteElo "2782"]
[BlackElo "2789"]
[Annotator "TA"]
[PlyCount "162"]
[EventDate "2018.06.23"]
[EventType "tourn"]
[EventCountry "FRA"]
[SourceTitle "playchess.com"]
[Source "ChessBase"]
[SourceQuality "1"]

{[%evp 11,162,18,22,-15,13,7,24,0,20,8,7,0,0,-17,-7,-10,0,0,0,-8,33,33,43,30,46,47,56,48,61,62,61,62,53,22,44,36,24,0,18,22,22,4,24,8,13,0,9,-13,5,14,6,-1,-2,-16,0,-43,-47,-44,-53,-73,-79,-113,-113,-122,-125,-122,-128,-355,-341,-455,-456,-469,-437,-433,-427,-437,-363,-359,-312,-272,-227,-385,-356,-284,-277,-652,-637,-720,-681,-1381,-1043,-5585,-2352,-1951,-1649,-12836,-12836,-12845,-12846,-12846,-12847,-12847,-12847,-12848,-12848,-12849,-12849,-12850,-12850,-12850,-12851,-12851,-12851,-12851,-12851,-12851,-12851,-12851,-12851,-12851,-12851,-12851,-12851,-12851,-12851,-12851,-12851,-12851,-12851,-12851,-12851,-12851,-12851,-12851,-29971,-12851,-29979,-12851,-29982,-12851,-29985,-12851,-29986,-12851,-29987,-12851,-29992,-12851,-29991,-12851,-29990,-12851,-29993]} 1. d4 Nf6 2. Nf3 g6 3. e3 Bg7 4. Be2 O-O 5. O-O b6 6. c4 {A48: 1 d4 Nf6 2 Nf3 g6: Torre, London and Colle Systems} Bb7 {LiveBook: 24 Games} 7. a3 (7. Nc3 e6 8. Qc2 d5 9. cxd5 Nxd5 10. Bd2 Nd7 11. Nxd5 Bxd5 12. Rfd1 {½-½ (63) Nakamura,H (2785)-Vachier Lagrave,M (2796) Stavanger 2017}) 7... e6 8. b4 {The position is equal.} c5 9. Bb2 d6 $146 ({Predecessor:} 9... Nc6 10. bxc5 bxc5 11. Nc3 cxd4 12. exd4 Ne7 13. Rb1 {0-1 (59) Natacheev,P (2243)-Iljin,A (2528) Sochi 2018}) 10. Nbd2 Nbd7 11. h3 Qe7 12. Rc1 Rac8 13. Qb3 Rfd8 14. Rfd1 Ba8 15. Bc3 d5 16. dxc5 bxc5 17. cxd5 Bxd5 18. Qb2 cxb4 19. axb4 Nb6 20. Bd4 Ne8 21. Bxg7 Nxg7 22. Ra1 Ne8 23. Ne5 {[%cal Bf3e5,Be5d3,Bd3c5][%mdl 32]} Rc7 24. Nd3 (24. e4 {feels hotter.} Ba8 25. f3 f5 26. Nd3 Nf6 27. Qe5) 24... Qf6 25. Qxf6 Nxf6 26. Nc5 Ba8 27. Ndb3 Rxd1+ 28. Rxd1 Nfd5 29. b5 Kf8 30. Bf1 Ke7 31. Rd2 Nc3 32. f3 Bd5 33. e4 Bxb3 34. Nxb3 Nc4 35. Rd4 {[#]} Na3 $1 36. Rb4 Nc2 37. b6 Nxb4 38. bxc7 $17 {[%mdl 4096] Endgame KBN-KNN} Kd7 39. e5 $2 (39. Kf2 $17) 39... Kxc7 $19 40. f4 Kb6 41. Nd2 Nbd5 42. Nc4+ Kc5 43. g3 Ne4 44. Kg2 Kd4 45. Kf3 g5 46. h4 $2 (46. Be2) 46... gxf4 47. gxf4 {[#]} a5 $1 {[%mdl 512]} 48. Nxa5 $2 (48. Be2) 48... Nd2+ 49. Kf2 Nxf1 50. Kxf1 {KN-KN} Ke4 51. Nb7 Kxf4 52. Nd8 Kxe5 53. Nxf7+ Kf6 54. Nd6 Ne3+ 55. Kf2 Nf5 56. Ne4+ Ke5 57. Ng5 h6 58. Nf3+ Kf4 59. h5 Kg4 60. Ne5+ Kxh5 61. Kf3 Kg5 62. Nf7+ Kf6 63. Nd8 e5 64. Kg4 Ng7 65. Nb7 h5+ 66. Kf3 Kf5 67. Nd6+ Ke6 68. Ne4 Kd5 69. Nf6+ Kd4 70. Ne4 Ne8 71. Ng3 Nf6 72. Ke2 e4 73. Kd2 Ke5 74. Ke3 h4 {[%cal Bh5h4,Bh4h3,Bh3h2][%mdl 32]} 75. Nf1 Ng4+ (75... h3 $19 76. Ke2 Kf4) 76. Ke2 Kf4 (76... h3 $19 77. Ng3 h2) 77. Nd2 h3 78. Kf1 e3 79. Nb3 Kg3 (79... e2+ $19 80. Kxe2 h2) 80. Nd4 h2 81. Ne2+ Kf3 {Precision: White = 28%, Black = 61%.} 0-1

[Event "Paris GCT 2018-Blitz"]
[Site "Paris"]
[Date "2018.06.24"]
[Round "16"]
[White "Nakamura, Hikaru"]
[Black "So, Wesley"]
[Result "1/2-1/2"]
[WhiteElo "2769"]
[BlackElo "2778"]
[Annotator "TA"]
[PlyCount "52"]
[EventDate "2018.06.23"]
[EventType "tourn"]
[EventCountry "FRA"]
[SourceTitle "playchess.com"]
[Source "ChessBase"]
[SourceQuality "1"]

{[%evp 17,52,-6,-13,-18,-20,-32,-19,-15,0,-10,4,4,2,2,4,6,0,0,0,0,3,0,0,-33,-14,-16,0,-11,-12,-15,0,-19,-19,-25,-4,-4,-4]} 1. Nf3 d5 2. d4 Nf6 3. c4 e6 4. Nc3 c5 5. cxd5 cxd4 6. Qa4+ Bd7 7. Qxd4 exd5 8. e3 {D41: Queen's Gambit Declined: Semi-Tarrasch with 5 cxd5} (8. Nxd5 Nxd5 9. Qxd5 Nc6 10. e3 Be7 11. Be2 O-O 12. O-O Be6 13. Qb5 Qc7 14. Bd2 a6 15. Qh5 Bf6 {1-0 (62) Mamedyarov,S (2747)-Wang,Y (2718) Huaian 2016}) 8... Nc6 9. Qd1 Bb4 {LiveBook: 3 Games} 10. Bd2 O-O 11. a3 $146 ({Predecessor:} 11. Be2 a6 12. O-O Re8 13. a3 Bd6 14. h3 Bf5 {0-1 (44) Olsson,B (2115)-Jepson,C (2417) Tylosand 2015}) 11... Ba5 12. Be2 Bg4 13. O-O d4 14. exd4 Nxd4 15. Nxd4 Qxd4 16. Be3 Qxd1 17. Bxd1 Bxc3 18. bxc3 b6 19. Bd4 Bxd1 20. Bxf6 Bb3 21. Bd4 Rfe8 22. Rfe1 f6 23. f3 Kf7 24. Kf2 Rxe1 25. Rxe1 Re8 26. Rxe8 Kxe8 {Precision: White = 34%, Black = 33%.} 1/2-1/2

[Event "Paris GCT 2018-Blitz"]
[Site "Paris"]
[Date "2018.06.24"]
[Round "16"]
[White "Grischuk, Alexander"]
[Black "Anand, Viswanathan"]
[Result "1-0"]
[WhiteElo "2766"]
[BlackElo "2759"]
[Annotator "TA"]
[PlyCount "117"]
[EventDate "2018.06.23"]
[EventType "tourn"]
[EventCountry "FRA"]
[SourceTitle "playchess.com"]
[Source "ChessBase"]
[SourceQuality "1"]

{[%evp 16,117,6,2,12,12,5,5,5,5,5,10,14,5,8,10,10,10,10,10,12,-11,-13,-10,-8,-12,7,8,7,0,0,0,0,-14,10,14,20,15,33,8,12,10,18,15,14,20,49,44,91,91,91,93,187,187,196,184,194,165,140,0,188,131,198,222,258,258,254,264,279,264,408,350,339,339,318,291,1900,1721,29973,29974,29975,29976,29976,29977,29978,29979,29979,29980,29980,29981,29981,29982,29982,29981,29982,29977,29975,29976,29983,29984,29984,29985,29984,29985]} 1. c4 c5 2. g3 g6 3. Bg2 Bg7 4. Nc3 Nc6 5. Nf3 d6 6. O-O Bf5 7. d3 {A37: Englische Eröffnung (Symmetrische Variante)} (7. h3 Qd7 8. Kh2 Nf6 9. d3 h6 10. e4 Be6 11. Be3 g5 12. Ng1 g4 13. h4 O-O 14. Nge2 Qd8 {0-1 (55) Caruana,F (2822)-So,W (2778) Stavanger 2018}) 7... Qd7 8. Nd5 Nf6 9. Bd2 {LiveBook: 3 Partien. Die Stellung ist ausgeglichen.} O-O 10. Bc3 Nxd5 $146 ({Vorgänger:} 10... e5 11. Nxf6+ Bxf6 12. Nd2 Bg4 13. Re1 Rab8 14. Nf1 Bg5 {0-1 (49) Mirzoev,A (2558)-Benidze,D (2469) Malatya 2015}) 11. cxd5 Nd4 12. Nh4 Bg4 13. f3 Bh3 14. Bxh3 Qxh3 15. e3 Nf5 16. Nxf5 Qxf5 17. e4 Qd7 18. Qb3 b5 19. Bxg7 Kxg7 20. Qc3+ Kg8 21. f4 Rac8 22. f5 c4 23. d4 Qc7 24. a4 b4 25. Qxb4 Rb8 26. Qd2 Rb3 27. a5 Qb7 28. Rf2 $36 {[%mdl 2048] Weiss hat Druck.} Qb4 29. fxg6 hxg6 30. Rc1 Qxd2 31. Rxd2 Rd3 32. Rxd3 cxd3 $16 {[%mdl 4096] Endspiel KT-KT} 33. Kf2 {Ke3 ist eine echte Drohung.} Rb8 (33... d2 $16 {war einen Versuch wert.} 34. Rd1 Rb8) 34. Ke3 $18 Rxb2 35. Kxd3 Rb3+ 36. Kc4 Rb2 37. Kd3 Rb3+ $1 38. Kd2 (38. Rc3 $18 Rxc3+ 39. Kxc3) 38... Rb2+ {[#]} (38... Rb5 $16) 39. Ke3 $1 Rxh2 40. Rc7 Kf8 41. Rxa7 Ra2 42. a6 f6 (42... Ra3+ {war nötig.} 43. Kf4 Ke8 44. Ra8+ Kd7) 43. g4 Ra3+ 44. Kd2 Kf7 45. Ra8 f5 $2 (45... Kg7 46. a7 Kf7) 46. gxf5 gxf5 47. exf5 {Weiß setzt Matt.} Ra5 48. a7 Kg7 49. Kc3 Ra1 50. Kb4 Rb1+ 51. Kc4 Rc1+ 52. Kb5 Rb1+ 53. Kc6 Ra1 54. Kc7 Ra2 55. Kd8 Kf7 56. Kd7 Ra1 {[#]} 57. f6 $1 exf6 58. Kxd6 Kg7 59. Ke6 {Precision: Weiß = 68%, Schwarz = 57%.} 1-0

[Event "Paris GCT 2018-Blitz"]
[Site "Paris"]
[Date "2018.06.24"]
[Round "17"]
[White "Caruana, Fabiano"]
[Black "So, Wesley"]
[Result "1/2-1/2"]
[WhiteElo "2816"]
[BlackElo "2778"]
[Annotator "TA"]
[PlyCount "81"]
[EventDate "2018.06.23"]
[EventType "tourn"]
[EventCountry "FRA"]
[SourceTitle "playchess.com"]
[Source "ChessBase"]
[SourceQuality "1"]

{[%evp 15,81,-10,0,-8,-5,-20,-24,-22,-19,-8,-9,-18,-19,-10,-20,-12,-17,-17,-21,-40,-22,-28,-29,-36,-22,-24,-18,-27,-13,-25,-18,-23,-20,-31,-6,-9,-10,-11,-8,-5,-8,-11,-16,-19,0,-14,25,-10,-10,-12,-8,-15,0,-6,0,-4,0,0,0,0,0,0,0,0,0,0,0,0]} 1. e4 e5 2. Bc4 Nf6 3. d3 Nc6 4. Nc3 Bb4 5. Nge2 d5 6. exd5 Nxd5 7. O-O Be6 8. Ne4 Be7 {LiveBook: 12 Games. C28: Vienna Game: 2...Nf6 3 Bc4 Nc6} 9. Bb3 O-O 10. f4 exf4 11. Nxf4 Nxf4 12. Bxf4 {[%cal Bc1f4,Bf4e5,Be5c3][%mdl 32]} Nd4 13. Bxe6 Nxe6 14. Be5 Qd5 15. Bc3 $1 f5 16. Nd2 $1 Bf6 $146 17. Kh1 Rae8 18. Qf3 Qxf3 19. Nxf3 Bxc3 20. bxc3 g6 21. Rfe1 Kg7 22. Kg1 Nc5 23. Kf2 Kf6 24. Nd4 Ne6 25. a4 Nxd4 26. cxd4 Rxe1 27. Rxe1 $11 {[%mdl 4096] Endgame KR-KR} Rd8 28. Rb1 b6 29. Ke3 f4+ 30. Ke4 g5 31. a5 Re8+ {The position is equal.} 32. Kf3 $1 Re3+ 33. Kf2 $1 h5 ({Don't play} 33... bxa5 34. Rb5 $14) 34. axb6 axb6 35. Ra1 Re7 36. Ra8 Rd7 37. c3 g4 38. Rf8+ Kg5 39. Rg8+ Kf5 40. Rf8+ Kg5 41. Rg8+ {Precision: White = 50%, Black = 69%.} 1/2-1/2

[Event "Paris GCT 2018-Blitz"]
[Site "Paris"]
[Date "2018.06.24"]
[Round "17"]
[White "Mamedyarov, Shakhriyar"]
[Black "Nakamura, Hikaru"]
[Result "0-1"]
[WhiteElo "2808"]
[BlackElo "2769"]
[Annotator "TA"]
[PlyCount "66"]
[EventDate "2018.06.23"]
[EventType "tourn"]
[EventCountry "FRA"]
[SourceTitle "playchess.com"]
[Source "ChessBase"]
[SourceQuality "1"]

{[%evp 21,66,0,10,0,0,0,9,0,4,22,39,0,48,60,82,-7,98,114,107,111,140,110,98,-243,-235,-235,-240,-631,-414,-412,-252,-237,-240,-385,-370,-883,-384,-387,-376,-597,-240,-794,-775,-729,-353,-329,-164]} 1. d4 Nf6 2. Nf3 e6 3. e3 c5 4. Bd3 d5 5. b3 Nc6 6. O-O Be7 7. Bb2 O-O 8. Nbd2 b6 9. a3 Bb7 10. Qe2 Qc7 {D05: Colle System with ...e6} 11. Rac1 (11. dxc5 bxc5 12. c4 Rad8 13. cxd5 exd5 14. Rac1 Qb6 15. Rc2 Rfe8 16. Rfc1 d4 17. e4 Bf8 18. Qf1 {½-½ (31) Markowski,T (2566)-Vorobiov,E (2581) Czech Republic 2016}) 11... Rac8 {LiveBook: 3 Games} 12. c4 dxc4 {The position is equal.} 13. bxc4 cxd4 14. exd4 Rfe8 15. Rfe1 Qb8 16. Ne4 $146 ({Predecessor:} 16. Bb1 Rcd8 17. Qd3 Qf4 18. Ne4 Qh6 19. Rcd1 Nxe4 20. Qxe4 {½-½ (44) Reefschlaeger,H (2328)-Braun,C (2203) Bad Wiessee 2001}) 16... Na5 {Threatens to win with ...Nxe4.} 17. Neg5 {aiming for Ne5.} Qf4 18. Nxe6 (18. h3 $16) 18... fxe6 (18... Qh6 $1 $11 19. Neg5 Bd6) 19. Qxe6+ $16 Kh8 20. Ne5 $1 {[%mdl 1024] Qh3 is the strong threat. White has strong compensation.} Bf8 21. Qh3 $1 Kg8 22. Nd7 $2 {[%mdl 8192]} (22. Bf5 $16 {is forced if you want to stay better.} h6 23. g3) 22... Ne4 $19 23. f3 {[#]} Ng5 $1 {[%cal Rg5h3]} 24. Qh5 $2 (24. Qg3 Rxe1+ 25. Rxe1 Qxg3 26. hxg3) 24... Re3 25. Ne5 {[#]} Rxd3 $1 {[%mdl 512]} 26. Nxd3 Qf5 27. d5 (27. Qg4 {might work better.} Nxf3+ 28. gxf3 Qxd3 29. d5) 27... Nxc4 ({Weaker is} 27... Qxd3 28. Qxg5 Nxc4 29. Bc3 $17) 28. Ba1 $2 (28. Bc3 Bxd5 29. Qg4 Nxf3+ 30. gxf3 Qxd3 31. Bb4 Bxf3 32. Rc3 Bxg4 33. Rxd3) 28... Bxd5 (28... Nd2 $142 29. Kh1 Ndxf3) 29. Kh1 Rc6 {White must now prevent ...Rh6.} 30. Nf2 (30. Qg4 {was necessary.} Qxg4 31. fxg4) 30... Qg6 (30... Rh6 $142 31. Qg4 {[#]} Nxf3 $1 {[%mdl 512]}) 31. Qg4 $2 {[#]} (31. Qxg6 Rxg6 32. Re8) 31... Ne3 $1 {[%mdl 512]} 32. Rxc6 (32. Rxe3 Rxc1+) 32... Nxg4 (32... Bxc6 $142 33. Qg3 Bd6) 33. Rxg6 Nxf2+ {Precision: White = 22%, Black = 45%.} 0-1

[Event "Paris GCT 2018-Blitz"]
[Site "Paris"]
[Date "2018.06.24"]
[Round "17"]
[White "Vachier-Lagrave, Maxime"]
[Black "Grischuk, Alexander"]
[Result "1/2-1/2"]
[WhiteElo "2789"]
[BlackElo "2766"]
[Annotator "TA"]
[PlyCount "111"]
[EventDate "2018.06.23"]
[EventType "tourn"]
[EventCountry "FRA"]
[SourceTitle "playchess.com"]
[Source "ChessBase"]
[SourceQuality "1"]

{[%evp 13,111,14,14,10,46,39,43,34,51,49,41,40,45,40,41,35,55,51,54,19,10,22,22,0,0,0,0,-76,-73,-98,-71,-115,-116,-117,-110,-206,-163,-138,-94,-105,-91,-125,0,-11,7,0,0,-130,0,0,0,-145,-154,-164,0,0,0,-75,0,-52,0,0,0,-47,0,0,0,0,0,-55,-54,-56,0,-37,-10,-18,0,-175,-37,-166,-134,-152,0,-90,0,-9,0,-9,0,-110,-102,-158,0,-147,0,0,0,0,0,-128]} 1. e4 c5 2. Nf3 d6 3. Bb5+ Bd7 4. Bxd7+ Qxd7 5. c4 e5 6. Nc3 Nc6 7. d3 g6 {LiveBook: 39 Games} 8. h4 {[%cal Bh2h4,Bh4h5][%mdl 32] B52: Sicilian: Moscow Variation with 3...Bd7} (8. a3 Bg7 9. Rb1 Nge7 10. b4 O-O 11. O-O Nd4 12. bxc5 dxc5 13. Nxd4 cxd4 14. Nd5 f5 15. Bd2 Nxd5 16. exd5 {½-½ (78) Balogh,C (2635)-Shyam,S (2526) Biel 2016}) 8... h6 9. h5 g5 10. Nd2 $146 {[%cal Bf3d2,Bd2f1,Bf1g3,Bg3f5][%mdl 32] White is slightly better.} ({Predecessor:} 10. Nh2 Nd4 11. g4 Ne7 12. Nf1 Nec6 13. Nd5 Be7 14. Ng3 O-O 15. Be3 Rfb8 16. Bxd4 Nxd4 {½-½ (23) Lendwai,R (2383)-Sandhoefner,F (2251) Austria 2016}) 10... Bg7 11. g4 Nf6 12. f3 O-O 13. Nf1 Nd4 14. Be3 Ne8 15. Ng3 Nc7 16. Bxd4 exd4 17. Nd5 Nxd5 18. cxd5 Be5 19. Nf5 Kh7 20. a3 {[#]} (20. Kf1 $11) 20... a5 $1 $17 21. a4 Ra6 {[%cal Ba8a6,Ba6b6,Bb6b4][%mdl 32]} 22. b3 Rb6 23. Qc2 Rb4 24. Ke2 (24. O-O $17) 24... Ra8 25. Ra3 Ra6 26. Rc1 Qd8 27. Qd1 Qf6 (27... b5 $17) 28. Rc4 $1 $11 Rab6 29. Rxb4 Rxb4 30. Ra1 (30. Kd2 $11) 30... Bf4 (30... Qd8 $17) 31. Qc2 Qe5 32. Kf1 {[#]} (32. Qa2 $1 $11) 32... Qe8 $1 $17 33. Ke2 Qe5 $2 (33... b5 $19) 34. Kf1 Qe8 35. Re1 (35. Ke2 $1 $11) 35... Qe5 (35... Be5 $17) 36. Kg2 (36. Ra1 $1 $11) 36... Rb6 (36... Qh8 $15) 37. Re2 Rb4 38. Qa2 Rb6 39. Rc2 Qe8 40. Re2 Be5 41. Re1 ({White should play} 41. Rc2 $11) 41... Rb4 $1 $15 42. Ra1 Qd8 (42... Qb8 $15) 43. Qc2 Qb6 44. Rb1 Qd8 45. Qd1 $2 (45. Ra1 $11) 45... Qe8 ({Black should try} 45... b5 $19 46. axb5 Qb6) 46. Ra1 ({Better is} 46. Qc2 $15) 46... Qd7 47. Qc2 Qe8 $2 (47... b5 $17) 48. Re1 (48. Qa2 $11) 48... Qd8 (48... b5 $17) 49. Ra1 $36 {[%mdl 2048] White has the initiative.} Qb6 50. Ra3 Qd8 51. Kf1 (51. Ra1 $11 {keeps the balance.}) 51... Qe8 $17 52. Ke2 (52. Qd1 $142) 52... Bf4 $2 (52... b5 $17) 53. Kd1 (53. Ra1 $11 {was the only way to keep the balance.}) 53... Be5 (53... b5 $17) 54. Kc1 {The position is equal.} Qd8 55. Kd1 (55. Kb1 $11 {remains equal.}) 55... Qe8 56. Ke2 {Precision: White = 39%, Black = 44%.} 1/2-1/2